Valuation of surgery premises used for medical or health services (Record no. 100086)

MARC details
000 -LEADER
fixed length control field 00875cam a2200241 4500
008 - FIXED-LENGTH DATA ELEMENTS--GENERAL INFORMATION
fixed length control field 000000n1999 000 0 eng u
020 ## - INTERNATIONAL STANDARD BOOK NUMBER
International Standard Book Number 0854069623
035 ## - SYSTEM CONTROL NUMBER
System control number (Sirsi) u103103
050 ## - LIBRARY OF CONGRESS CALL NUMBER
Classification number 333.332
-- 18
110 ## - MAIN ENTRY--CORPORATE NAME
Corporate name or jurisdiction name as entry element Royal Institution of Chartered Surveyors
9 (RLIN) 4900
245 ## - TITLE STATEMENT
Title Valuation of surgery premises used for medical or health services
Remainder of title guidance note
250 ## - EDITION STATEMENT
Edition statement 2nd ed.
260 ## - PUBLICATION, DISTRIBUTION, ETC.
Place of publication, distribution, etc. Coventry
Name of publisher, distributor, etc. RICS Books
Date of publication, distribution, etc. 1999
300 ## - PHYSICAL DESCRIPTION
Extent 15p.
Dimensions 30cm
490 ## - SERIES STATEMENT
Series statement RICS Guidance Note
520 ## - SUMMARY, ETC.
Summary, etc. Reproduction of Guidance Note 10 from the "RICS appraisal and valuation manual" (ISBN 0854066993).
520 ## - SUMMARY, ETC.
Summary, etc. Superseded by 2003 edition (ISBN 1842191454). Supersedes first edition (ISBN 0854067310).
650 ## - SUBJECT ADDED ENTRY--TOPICAL TERM
Topical term or geographic name entry element HEALTH CENTRES
650 ## - SUBJECT ADDED ENTRY--TOPICAL TERM
Topical term or geographic name entry element SURGERIES
650 ## - SUBJECT ADDED ENTRY--TOPICAL TERM
Topical term or geographic name entry element DOCTORS' SURGERIES
690 ## - LOCAL SUBJECT ADDED ENTRY--TOPICAL TERM (OCLC, RLIN)
Topical term or geographic name as entry element PROPERTY-PROPERTY APPRAISAL AND VALUATION
942 ## - ADDED ENTRY ELEMENTS (KOHA)
Suppress in OPAC 0
Holdings
Withdrawn status Lost status Source of classification or shelving scheme Damaged status Not for loan Home library Current library Shelving location Date acquired Total Checkouts Full call number Barcode Date last seen Copy number Price effective from Koha item type Date last checked out
    Dewey Decimal Classification     London London RICS Boxes 13/12/1999   RICS 1999/57 30060236 06/08/2019 1 06/08/2019 Archive  
    Dewey Decimal Classification     London London RICS Boxes 13/12/1999   RICS 1999/57 30060237 06/08/2019 2 06/08/2019 Reference material  
    Dewey Decimal Classification     London London RICS Boxes 13/12/1999 18 RICS 1999/57 30060240 06/08/2019 3 06/08/2019 Book 06/09/2005